000
00222nam a22000857a 4500
008
161228b xxu||||| |||| 00| 0 eng d
100
_9
2202
_a
CBSE
245
_a
Together Towards Safer India II-Ix
260
_a
NEw delhi
_b
CBSE
_c
2009
999
_c
5090
_d
5090